| 000 | 01733nam a22001457a 4500 | ||
|---|---|---|---|
| 999 |
_c533033 _d533033 |
||
| 008 | 260413b ||||| |||| 00| 0 eng d | ||
| 100 |
_aTaiwo, Akinlo _960100 |
||
| 245 | _a Environmental degradation on poverty reduction in Nigeria | ||
| 260 | _aJournal of Social and Economic Development | ||
| 300 | _a27(2), Aug, 2025: p.685-705 | ||
| 520 | _aNigeria’s economy is the largest in Africa and relies heavily on oil exports. However, the excessive exploitation of oil has also brought many environmental problems. Likewise, poverty has become a menace over the years in Nigeria. How to deal with the relationship between poverty reduction and the environment is a realistic challenge to sustainable development. This study examines the nexus between poverty reduction and environmental degradation in Nigeria through the use of the autoregressive distributed lag technique, using data from 1986 to 2020. The cointegration test confirmed a long-run relationship among the variables. The regression results indicate a trade-off between environmental degradation and poverty reduction in the long-run and short-run. This is a situation where higher environmental degradation is necessary for poverty reduction, while an increase in poverty reduction increases environmental degradation. This study recommends that policymakers in Nigeria need to encourage investment in technology-intensive and environment-friendly industries which will enhance environmental quality without increasing poverty.-Reproduced https://link.springer.com/article/10.1007/s40847-024-00348-2 | ||
| 650 |
_aARDL, Poverty reduction, Environmental degradation, Nigeria _960101 |
||
| 773 | _aJournal of Social and Economic Development | ||
| 942 | _cAR | ||